logo

Bir Sreshtho Munshi Abdur Rouf Library
Jhenaidah Cadet College

The writing process : (Record no. 7115)

MARC details
000 -LEADER
fixed length control field 00757cam a2200277 a 4500
001 - CONTROL NUMBER
JCCL Control Number 7115
003 - CONTROL NUMBER IDENTIFIER
JCCL marc code BD-JhCC
005 - DATE AND TIME OF LATEST TRANSACTION
control field 20221115134023.0
008 - FIXED-LENGTH DATA ELEMENTS--GENERAL INFORMATION
fixed length control field 850731s1986 maua 001 0 eng
020 ## - INTERNATIONAL STANDARD BOOK NUMBER
International Standard Book Number 0316514543 (pbk.)
035 ## - SYSTEM CONTROL NUMBER
system control number (BD-JhCC)7115
040 ## - CATALOGING SOURCE
Original cataloging agency DLC
Transcribing agency DLC
Modifying agency DLC
-- (BD-JhCC)
041 ## - LANGUAGE CODE
Language code of Book eng
050 00 - LIBRARY OF CONGRESS CALL NUMBER
Classification number PE1408
Item number .L3188 1986
082 00 - DEWEY DECIMAL CLASSIFICATION NUMBER
Classification number 808/.042
DDC Edition number 19
Author mark and Year LAN 1986
100 1# - MAIN ENTRY--PERSONAL NAME
Personal name Lannon, John M.
245 14 - TITLE STATEMENT
Title The writing process :
Remainder of title a concise rhetoric /
Statement of responsibility, etc John M. Lannon.
250 ## - EDITION STATEMENT
Edition statement 2nd ed.
260 ## - PUBLICATION, DISTRIBUTION, ETC. (IMPRINT)
Place of publication, distribution, etc Boston :
Name of publisher, distributor, etc Little, Brown,
Date of publication, distribution, etc c1986.
300 ## - PHYSICAL DESCRIPTION
Pagination xiv, 457 p. :
Other physical details ill. ;
Dimensions 22 cm.
500 ## - GENERAL NOTE
General note Includes index.
650 #0 - SUBJECT ADDED ENTRY--TOPICAL TERM
Topical term or geographic name as entry element English language
General subdivision Rhetoric.
650 #0 - SUBJECT ADDED ENTRY--TOPICAL TERM
Topical term or geographic name as entry element Report writing.
942 ## - ADDED ENTRY ELEMENTS (KOHA)
Source of classification or shelving scheme Dewey Decimal Classification
Koha item type Books
Koha issues (borrowed), all copies 5
Holdings
Source of classification or shelving scheme Damaged status Not for loan Home library Current library Shelving location Date of accession Total Checkouts Full call number Barcode Date last seen Date checked out Copy number Koha item type
Dewey Decimal Classification     JCC Rouf Library JCC Rouf Library General Stacks 05/29/2023 8 808/.042 LAN 1986 8673 06/06/2024 05/07/2024 C - 1 Books

JCC Library | Contacts | JCC Home

Last Update on 23 September 2017
Copyright @ 2017-2020 JCC Rouf Library
Rouf Library, Jhenidah Cadet College (JCC), Bangladesh